|
|
|
|
| LEADER |
00950nam a2200217 i 4500 |
| 003 |
GR-PaULI |
| 005 |
20221006115639.0 |
| 008 |
180327s2013 gr ||||f |||| 00| p gre d |
| 952 |
|
|
|0 0
|1 0
|2 ddc
|4 0
|6 841_700000000000000_NER
|7 0
|9 364992
|a LISP
|b LISP
|c DON
|d 2022-10-06
|e ΠΑΤ
|i 149435
|l 0
|o 841.7 NER
|p 025000276885
|r 2022-10-06 00:00:00
|t 1
|w 2022-10-06
|y BKN
|
| 999 |
|
|
|c 213361
|d 213361
|
| 020 |
|
|
|a 9789605277758
|
| 040 |
|
|
|a GR-PaULI
|b gre
|c GR-PaULI
|e AACR2
|
| 041 |
1 |
|
|a gre
|k fre
|
| 082 |
0 |
4 |
|2 23
|a 841.7
|
| 100 |
1 |
|
|9 26584
|a Nerval, Gerard de,
|d 1808-1855,
|e συγγραφέας.
|
| 245 |
1 |
0 |
|a Εξόριστος στη γη :
|b εικοσιπέντε ποιήματα /
|c Gerard de Nerval ; μετάφραση Κώστας Λάνταβος.
|
| 260 |
|
|
|a Αθήνα :
|b Αρμός,
|c 2013.
|
| 300 |
|
|
|a 69 σ. ;
|b
|c 25 εκ.
|
| 700 |
1 |
|
|9 133342
|a Λάνταβος, Κώστας Σ.,
|e μεταφραστής.
|d 1948-
|
| 942 |
|
|
|2 ddc
|c BKN
|
| 998 |
|
|
|c ΜΠΟΥΡΑΣ
|d 2022-10
|